CRFPA culture juridique et libertés fondamentales 2 - Statistiques

Statistiques générales
  • Ce quiz a été pris 185 fois
  • Le résultat moyen est 26 sur 80
Statistiques - réponses
Hint Réponse % Correct
Voltaire était un philosophe des ... Lumières
85%
Nombre d'états dans l'UE 27
84%
Nombre de membres permanents du conseil de sécurité de l'ONU 5
83%
Date de la charte de l’environnement 2004
75%
Date de la loi sur le mariage pour tous 2013
75%
Qui a théorisé la pyramide des normes ? Kelsen
75%
Année du Traité de Maastricht 1992
73%
Que célèbre le 14 juillet ? Prise de la bastille
69%
Droit de vote des femmes 1944
67%
Quel article de la constitution de 1958 définit les pouvoirs du législateur ? 34
65%
Qu'est ce qu'un PFRLR ? Principe fondamental reconnu par les lois de la République
61%
Année du Traité de Lisbonne 2009
60%
Qui a théorisé la lutte des classes ? Marx
60%
Date de la IV ème république 1946
58%
De quelle année date la DUDH ? 1948
58%
La loi est dure, mais c’est la loi EN LATIN Dura lex sed lex
56%
Nombre de députés 577
55%
A l’encontre de la loi EN LATIN Contra Legem
55%
Qui est le président du Sénat ? Gérard Larcher
54%
Qui est le seul Président de la République qui a démissionné ? Charles de Gaulle
52%
Qui est le président de la Commission européenne ? Ursula Von Der Leyen
52%
Qui est le président de l’Assemblée Nationale ? Yaël Braun-Pivet
51%
Date de l'adoption de la CEDH 1950
50%
Nul ne peut être poursuivi ou puni pénalement à raison des mêmes faits EN LATIN Non bis in idem
50%
Date des états généraux 1789
48%
Durée de la GAV pour terrorisme 96h
48%
Quel arrêt du conseil constitutionnel a reconnu le bloc de constitutionnalité ? Liberté d'association
47%
Date de la Magna Carta 1215
45%
Dès le début de la procédure / Avant toute défense au fond EN LATIN In limine litis
45%
Date des décrets d'Alarde et de la Loi Le Chapelier 1791
41%
Année du Code frontière Schengen 2006
40%
Nombre d'états dans l'espace Schengen 26
39%
A l’ égard de tous EN LATIN Erga omnes
36%
Procédure visant à donner dans un état force exécutoire à un jugement rendu à l’étranger EN LATIN Exequatur
36%
En raison de la personne EN LATIN Intuitu personae
36%
Où siège le Sénat ? Palais du Luxembourg
36%
Date du suffrage universel masculin 1848
35%
De quand date la première loi Jules Ferry ? 1881
35%
Qu'est ce qu'un CSE ? Comité social et économique
35%
En quelle année la France a-t-elle ratifiée la Convention EDH ? 1974
30%
De quand date la constitution des Etats-Unis ? 1787
28%
Date des pactes internationaux sur les droits civils et politiques et sur les les droits économiques, sociaux, culturels ? 1966
28%
Quelle est l'ordonnance imposant la pratique du français à la place du latin dans tous les actes juridiques et administratifs ? Villers-Cotterêts
28%
De quand date l'édit de Nantes ? 1598
25%
Où siège la cour de cassation ? Quai de l'Horloge
25%
Nombre de sénateurs 348
24%
De quoi parle l'article 11 de la DDHC ? Liberté d'expression
24%
Qui a dirigé l’Encyclopédie de 1751 à 1772 ? Diderot et d'Alembert
21%
Date des lois constitutionnelles de la III ème République 1875
18%
Combien y a t-il de barreaux en France ? 164
16%
De quand date la loi sur la liberté syndicale ? 1884
16%
Quels sont les accords signés en 1936 portant sur les relations collectives dans le monde du travail ? Matignon
16%
Combien y a t-il d’avocats en France ? 70 000
15%
En signe de deuil de quel avocat célèbre, qui fut l’avocat principal de Louis XVI et qui fut guillotiné pour avoir défendu son client, l'hermine a-t-elle été supprimée de l'épitoge de la robe des avocats parisiens ? Malesherbes
15%
De son propre genre EN LATIN Sui generis
15%
Qui est le commissaire européen français ? Thierry Breton
15%
Date de la PAC (politique agricole commune) 1962
14%
Le bon dol EN LATIN Bonus dolus
14%
Date de l'Habeas corpus 1679
12%
Convention du 28 juillet 1951 qui fixe les règles relatives au droit d’asile Genève
11%
La Cour suprême américaine a admis très tôt que le juge peut, par voie d’exception, contrôler la constitutionnalité de la loi ; dans quel arrêt ? Marbury c/ Madison
11%
A la proportion du temps EN LATIN Prorata temporis
11%
Date du Bill of Rights 1689
9%
Conseil d'Etat, quel arrêt ? Le droit de mener une vie familiale normale est un principe général du droit, dont le respect s’impose au pouvoir réglementaire GISTI
9%
Conseil d'Etat, quel arrêt ? Tout chef de service administratif peut prendre les règlements qui sont nécessaires au bon fonctionnement de l’administration qui est placée sous son autorité (peut être des règlements qui touchent à l’exercice des droits et libertés) Jamart
8%
Qui est le président du Parlement européen ? Roberta Metsola
8%
Quel arrêt du Conseil d'Etat fait apparaitre les PGD en 1901 ? Casanova
7%
Combien y-a-t’il de députés européens ? 705
6%
Que prévoit l’article 8 de la Convention européenne des droits de l’homme ? Droit à une vie privée et familiale
6%
Conseil d'Etat, quel arrêt ? Le Premier ministre est compétent pour adopter les mesures de police administrative nécessaires à la protection de l’ordre public sur l’ensemble du territoire national (peut être des mesures restrictives de liberté) Labonne
6%
Pour le bien public EN LATIN Pro Bono
6%
Débiteur en pleine jouissance de ses droits et biens EN LATIN In bonis
5%
Quel professeur a théorisé l'expression du gouvernement des juges ? Édouard Lambert
4%
Là où est la société est la loi EN LATIN Ubi societas ibi jus
3%
Conseil d'Etat, quel arrêt ? Le droit de mener une vie familiale normale ; aujourd’hui, le juge ne se réfère plus au PGD mais à l’art. 8 de la ConvEDH Belgacem
1%
Conseil d'Etat, quel arrêt ? Un département avait le droit à un procès équitable (art. 6 ConvEDH) Département de l’Indre
1%
Conseil d'Etat, quel arrêt ? Un département ne pouvait opposer à l’Etat, le droit au respect de ces biens (art. 1 du premier protocole additionnel de la ConvEDH) Département des Landes
0%
Quel arrêt du Conseil d'Etat affirme que la Déclaration Universelle des Droits de l’Homme n’aucune portée normative en 1951 ? Elections de Nolay
0%
Dans quel arrêt la Cour EDH constate qu’un régime politique qui est fondé sur la charria est incompatible avec les droits de l’Homme tels qu’ils sont conçus dans la ConvEDH ? Refah Partisi
0%
Conseil d'Etat, quel arrêt ? Le droit d'inviolabilité des entreprises étendu aux locaux des entreprises (personne morale) Société Colas France
0%
Aucun quiz correspondant
Distribution des résultats
% des personnes avec chaque résultat
Percentile par nombre de réponses
Votre historique - résultats
Vous n’avez pas pris ce quiz